Lekári - objavitelia Ameriky

Bibliographic Details
Main Author: Junas, Ján, 1925-2002 (Author)
Format: Article
Language:Slovak
PhysicalDescription:Obr. 2.
Subjects:

MARC

LEADER 00000nab a2200000 a 4500
001 vtls000402474
003 SK-MaSNL
005 20260303171701.0
008 220422c1990 xo 0 slo
015 |a SNBRB19rr/mm-uuuuu 
035 |a CL0402598 
040 |a SNKBUCL  |b slo  |c SNKBUCL  |e AACR2 
041 0 |a slo 
044 |a xo  |c SK 
080 |a 910.4(7)  |2 1981 
080 |a 61  |2 1981 
080 |a 970  |2 1981 
080 |a 980  |2 1981 
100 1 |a Junas, Ján,  |d 1925-2002  |4 aut  |9 13563 
245 1 0 |a Lekári - objavitelia Ameriky  |c Ján Junas 
300 |b Obr. 2. 
650 0 7 |a objavné cesty  |2 snkbucl  |9 82735 
650 0 7 |a lekári  |2 snkbucl  |9 3195 
651 7 |a Amerika  |2 snkbucl  |9 43943 
655 7 |a články z novín a časopisov  |2 snkbucl  |9 267496 
773 0 |t Zdravie  |g Roč. 46, č. 10 (1990), s. 10-11 
850 |a Slovenská národná knižnica v Martine  |a MTA001 
852 |a SNK  |b KIS3GCP 
958 |a RK 
958 |a ME 
992 |a RBX 
999 |c 2082845  |d 2084775